Wireless Communications & networks (Record no. 5335)

MARC details
000 -LEADER
fixed length control field 00476nam a2200169Ia 4500
003 - CONTROL NUMBER IDENTIFIER
control field SGT
020 ## - INTERNATIONAL STANDARD BOOK NUMBER
International Standard Book Number 9788131720936
082 ## - DEWEY DECIMAL CLASSIFICATION NUMBER
Classification number 621.384
Item number STA
100 ## - MAIN ENTRY--PERSONAL NAME
Personal name Stallings,William
245 ## - TITLE STATEMENT
Title Wireless Communications & networks
250 ## - EDITION STATEMENT
Edition statement 2nd Ed.
260 ## - PUBLICATION, DISTRIBUTION, ETC. (IMPRINT)
Name of publisher, distributor, etc Pearson
Place of publication, distribution, etc N.Delhi
Year of Publication 2011
300 ## - PAGE DESCRIPTION
No. of Pages 596p.
650 ## - SUBJECT ADDED ENTRY--TOPICAL TERM
Topical term or geographic name as entry element ELECTRONICS ENGINEERING
653 ## - KEYWORDS--INDEX TERM
Keyword term COMMUNICATION NETWORKS, PROTOCOLS AND THE TCP / IP SUITE71 WIRELESS LINK IMPROVEMENT TECHNIQUES
942 ## - ADDED ENTRY ELEMENTS (KOHA)
Source of classification or shelving scheme Dewey Decimal Classification
Koha item type Books
Holdings
Withdrawn status Lost status Source of classification or shelving scheme Damaged status Not for loan Home library Current library Date acquired SGTU Full call number Accession No. (Barcode) Date last seen Bill Date Koha item type Total Checkouts Total Renewals Date last borrowed Use restrictions Shelving location
Withdrawn   Dewey Decimal Classification     SGT Engineering Library SGT Engineering Library 24/09/2011 SGTU 621.384 STA FE4094 09/02/2015 09/02/2015 Books          
    Dewey Decimal Classification     SGT Engineering Library SGT Engineering Library 24/09/2011 SGTU 621.384 STA FE4095 09/09/2019 09/02/2015 Books 4 1 03/05/2019    
    Dewey Decimal Classification     SGT Engineering Library SGT Engineering Library 24/09/2011 SGTU 621.384 STA FE4096 29/03/2017 09/02/2015 Books 1   29/03/2017    
    Dewey Decimal Classification     SGT Engineering Library SGT Engineering Library 24/09/2011 SGTU 621.384 STA FE4097 23/05/2018 09/02/2015 Books 2   29/01/2018    
    Dewey Decimal Classification   Not For Loan SGT Engineering Library SGT Engineering Library 24/09/2011 SGTU 621.384 STA FE4098 25/12/2015 09/02/2015 Books       Restricted Access Reference Book